LDR 00946naa#a2200253#i#450# 001 EN\\bibl\125405 005 20260630051435.2 011 ## _a2077-7566 100 ## _a20260629b2026####ek#y0engy0150####ca 101 0# _aRUS 102 ## _aRU 200 1# _aTHE ROLE OF REMAINING DENTIN THICKNESS DURING VITAL TOOTH PREPARATION FOR AN ARTIFICIAL CROWN AND METHODS FOR ITS EVALUATION (LITERATURE REVIEW) _eJournal article 210 1# _aEkaterinburg _cTIRAZH Publishing House _d2026 215 ## _a6 с. 608 ## _aJournal article _2local 675 ## _aСтоматология. Заболевания ротовой полости и зубов. 616.31 _zRUS 700 #1 _aKoshelev _gkonstantin Aleksandrovich 700 #1 _aGerasimov _gArtem Mihaylovich 700 #1 _aOrlova _gKsenia A. 700 #1 _aIvanova _gSvetlana B. 700 #1 _aKostin _gIgor O. 700 #1 _aSokolova _gIrina Viktorovna 700 #1 _aTrapeznikov _gDmitriy Valerievich 856 4# _adental-press.ru _u